| 000 | 00426cam a2200181ua 4500 | ||
|---|---|---|---|
| 020 | _c46.00 | ||
| 041 |
_aeng _h |
||
| 082 |
_a541.3 _bKUN/PH |
||
| 100 | _aKundu, N . | ||
| 245 |
_aPhysical chemistry / _cN Kundu. _hTextual Documents |
||
| 260 |
_aNew Delhi : _bS.Chand and Co , _c1984. |
||
| 300 | _a1116 ; . | ||
| 365 | _a46.00 | ||
| 504 | _a | ||
| 700 | 1 | _aJain , S K . | |
| 942 | _cBK | ||
| 999 |
_c10232 _d10232 |
||